Manual for Planning Wildlife Management in Protected Areas and Managed Forests: For Reference Only (Record no. 602253)

MARC details
000 -LEADER
fixed length control field 00625nam a2200145Ia 4500
008 - FIXED-LENGTH DATA ELEMENTS--GENERAL INFORMATION
fixed length control field 100415s9999 xx 000 0 und d
082 ## - DEWEY DECIMAL CLASSIFICATION NUMBER
Item number 19356
Classification number 639.9(54)
100 ## - MAIN ENTRY--PERSONAL NAME
Personal name SAWARKAR VISHWAS B.
245 ## - TITLE STATEMENT
Title Manual for Planning Wildlife Management in Protected Areas and Managed Forests: For Reference Only
260 ## - PUBLICATION, DISTRIBUTION, ETC. (IMPRINT)
Place of publication, distribution, etc DEHRADUN
Date of publication, distribution, etc 1995
Name of publisher, distributor, etc WILDLIFE INSTITUTE OF INDIA
365 ## - TRADE PRICE
Price amount 200
630 ## - SUBJECT ADDED ENTRY--UNIFORM TITLE
Uniform title Manual for Planning Wildlife Management in Protected Areas and Managed Forests: For Reference Only
730 ## - ADDED ENTRY--UNIFORM TITLE
Uniform title Manual for Planning Wildlife Management in Protected Areas and Managed Forests: For Reference Only
942 ## - ADDED ENTRY ELEMENTS (KOHA)
Koha item type Book
Holdings
Withdrawn status Lost status Damaged status Not for loan Home library Current library Date acquired Cost, normal purchase price Total Checkouts Full call number Barcode Date last seen Price effective from Koha item type
        Bombay Natural History Society Bombay Natural History Society 01/02/2001 200.00   639.9(54) 19356 BNHS-19356 04/15/2010 04/15/2010 Book